000 00321nam a2200133Ia 4500
008 210210b1983 xxu||||| |||| 00| 0 eng d
082 _a501 GARS
100 _aGARDNER (Martin).
245 _aScience good, bad and bogus.
260 _aNY
_bAvon Books
_c1983
300 _a408
690 _aPure Sciences
906 _a042826
999 _c92450
_d92450